Une lettre suffit pour répondre juste #15 (attention 10 lettres tuent) - Statistiques

Statistiques générales
  • Ce quiz a été pris 121 fois
  • Le résultat moyen est 3 sur 6
Statistiques - réponses
Hint Réponse % Correct
Donne une des 5 lettres de la capitale de l'Équateur QUITO
99%
Donne une des 4 lettres de la préfecture française où se trouve un stade de 20000 places nommé Stade Michel-d'Ornano dans lequel évolue les « Malherbistes »
CAEN
85%
Donne une des 3 lettres que l'on entend quand est prononcé à haute voix le mot qui signifie "Qui est de courte durée, cesse vite" et l'insecte ressemblant à une petite libellule (dont l'adulte vit de quelques heures à quelques jours.)
FMR
50%
Donne une des 2 lettres qui forme l'abrégé d'un court message annexe ajouté à la fin d'une lettre, généralement après la signature.(Dans un livre ou un essai, il s'agira plutôt de « postface », d'« annexe », d'« addendum » ou d'« épilogue ») PS
48%
Donne l'autre lettre que X comme chromosome sexuel chez l'Homme Y
46%
Donne la lettre qui correspond au nom de l'agent interprété par Will Smith dans la série de film Men in Black : Agent ?
J
6%
Aucun quiz correspondant
Distribution des résultats
% des personnes avec chaque résultat
Percentile par nombre de réponses
Votre historique - résultats
Vous n’avez pas pris ce quiz